00483nam a2200169Ia 4500999001700000003000400017005001700021008004100038040000600079082001400085100002600099245003700125260004200162300001100204942001200215952008600227 c30887d30887OSt20250707134437.0250310s9999||||xx |||||||||||||| ||und|| c. a823bR632 95978aRobbins, Harold 0a79 park avenue /cHarold Robbins aLondon :bNew english library,c1976. a271 p. cBK2ddc 00102ddc4070aCLbCLd2025-03-10o823 R632pF01884r2025-03-10w2025-03-10yBK